000 00445nam a2200193Ia 4500
005 20250423101048.0
008 250422s9999 xx 000 0 und d
020 _a9781259255748
050 _aHF 5635 .E36/
100 _aEdmonds, Thomas P.
245 0 _aSurvey of Accounting
250 _a4th ed.
260 _aNew York
260 _bMcGraw-Hill Education
260 _c2015
300 _a637 p
650 _aAccounting
942 _cBK
999 _c35169
_d35169